Honeybee ecology : (Record no. 72858)
[ view plain ]
| 000 -LEADER | |
|---|---|
| fixed length control field | 00929nam a2200289 a 4500 |
| 001 - CONTROL NUMBER | |
| control field | 72858 |
| 003 - CONTROL NUMBER IDENTIFIER | |
| rucl marc code | BD-RjUL |
| 005 - DATE AND TIME OF LATEST TRANSACTION | |
| control field | 20211209082322.0 |
| 008 - FIXED-LENGTH DATA ELEMENTS--GENERAL INFORMATION | |
| fixed length control field | 170524s1985 nju b 001 0 eng d |
| 020 ## - INTERNATIONAL STANDARD BOOK NUMBER | |
| International Standard Book Number | 0691083916 alk. paper |
| International Standard Book Number | 0691083924 pbk. |
| 035 ## - SYSTEM CONTROL NUMBER | |
| System control number | (BD-RjUL)73076 |
| 040 ## - CATALOGING SOURCE | |
| Original cataloging agency | BD-RjUL |
| Language of cataloging | eng |
| Transcribing agency | BD-RjUL |
| 041 ## - LANGUAGE CODE | |
| Language code of text/sound track or separate title | eng |
| 082 ## - DEWEY DECIMAL CLASSIFICATION NUMBER | |
| Edition number | 23 |
| Classification number | 595.799 |
| Author mark and year | SEH 1985 |
| 100 1# - MAIN ENTRY--PERSONAL NAME | |
| Personal name | Seeley, Thomas D. |
| 9 (RLIN) | 215506 |
| 245 10 - TITLE STATEMENT | |
| Title | Honeybee ecology : |
| Remainder of title | a study of adaptation in social life / |
| Statement of responsibility, etc. | Thomas D. Seeley |
| 260 ## - PUBLICATION, DISTRIBUTION, ETC. (IMPRINT) | |
| Place of publication, distribution, etc. | Princeton : |
| Name of publisher, distributor, etc. | Princeton University Press, |
| Date of publication, distribution, etc. | c1985 |
| 300 ## - PHYSICAL DESCRIPTION | |
| Pagination | x, 201 p : |
| Illustrations | ill. ; |
| Size | 25 cm. |
| 490 ## - SERIES STATEMENT | |
| Series statement | Monographs in behavior and ecology. |
| 504 ## - BIBLIOGRAPHY, ETC. NOTE | |
| Bibliography, etc | Includes bibliography (p 161-192) and indexes |
| 650 #0 - SUBJECT ADDED ENTRY--TOPICAL TERM | |
| Topical term or geographic name as entry element | Honeybee |
| General subdivision | Ecology |
| 9 (RLIN) | 215507 |
| Topical term or geographic name as entry element | Insects |
| General subdivision | Ecology |
| 9 (RLIN) | 201276 |
| 830 #0 - SERIES ADDED ENTRY--UNIFORM TITLE | |
| Uniform title | Monographs in behavior and ecology |
| 942 ## - ADDED ENTRY ELEMENTS (KOHA) | |
| Source of classification or shelving scheme | Dewey Decimal Classification |
| Koha item type | Books |
| Lost status | Source of classification or shelving scheme | Damaged status | Not for loan | Collection code | Permanent Location | Current Location | Shelving location | Date acquired | Source of acquisition | Cost, normal purchase price | Total Checkouts | Full call number | Date last seen | Copy number | Koha item type |
|---|---|---|---|---|---|---|---|---|---|---|---|---|---|---|---|
| Dewey Decimal Classification | Not For Loan | Non-fiction | Central Library, University of Rajshahi | Central Library, University of Rajshahi | Reading Room | 03/08/1988 | Momin Brothers | 26.00 | 595.799 SEH 1985 | 24/05/2017 | C-1 | Books |